000 00823cam a22002773a 4500
001 873
003 PGUSA
005 20140828082953.0
008 970401s1997||||xxu|||||s|||||000 | eng d
040 _aPGUSA
_beng
042 _adc
050 4 _aPZ
050 4 _aPR
100 1 _aWilde, Oscar,
_d1854-1900
245 1 2 _aA House of Pomegranates
_h[electronic resource] /
_cOscar Wilde
260 _bProject Gutenberg,
_c1997
505 0 _aThe young king -- The birthday of the Infanta -- The fisherman and his soul -- The Star-child.
506 _aPublic domain in the USA.
516 _aElectronic text
653 _aFairy tales
653 _aChildren's stories, English
653 _aShort stories, English
830 0 _aProject Gutenberg
_v873
856 4 0 _uhttp://www.gutenberg.org/ebooks/873
942 _cEB
999 _c230224
_d230224